LIBRARY & INFORMATION CENTRE, KCAET, TAVANUR

ONLINE PUBLIC ACCESS CATALOGUE (OPAC)

Survey of Energy Resources - 1983 (Record no. 6741)

MARC details
000 -LEADER
fixed length control field 00258cam a2200109ua 4500
082 ## - DEWEY DECIMAL CLASSIFICATION NUMBER
Classification number 333.7911
Item number WOR/SU
245 ## - TITLE STATEMENT
Title Survey of Energy Resources - 1983
250 ## - EDITION STATEMENT
Edition statement 1 /
260 ## - PUBLICATION, DISTRIBUTION, ETC. (IMPRINT)
Place of publication UK :
Name of publisher World Energy Conference ,
Year of publication 1983.
300 ## - PHYSICAL DESCRIPTION
Number of Pages 137 ; .
942 ## - ADDED ENTRY ELEMENTS (KOHA)
Koha item type Reference
Holdings
Withdrawn status Lost status Damaged status Collection code Home library Current library Shelving location Date acquired Full call number Accession Number Koha item type
      Reference KAUAET KAUAET Reference 01/10/1986 333.7911.WOR/SC 15813 Reference
free website counter